[Event "AsianNationCup2018"]
[Site "Hamedan"]
[Date "2018.07.29"]
[Round "2.5"]
[White "Maghsoodloo, Parham"]
[Black "Jumabayev, Rinat"]
[Result "1/2-1/2"]
[BlackElo "2594"]
[WhiteElo "2636"]
[LiveChessVersion "1.4.8"]

1. Nf3 {[%clk 1:29:26]} d5 {[%clk 1:30:59]} 2. g3 {[%clk 1:29:05]} g6
{[%clk 1:31:23]} 3. Bg2 {[%clk 1:28:14]} Bg7 {[%clk 1:31:45]} 4. O-O
{[%clk 1:28:36]} Nf6 {[%clk 1:31:16]} 5. d3 {[%clk 1:27:13]} O-O {[%clk 1:30:49]}
6. Nbd2 {[%clk 1:26:49]} c5 {[%clk 1:23:19]} 7. e4 {[%clk 1:26:35]} Nc6
{[%clk 1:23:47]} 8. c3 {[%clk 1:23:33]} e5 {[%clk 1:23:57]} 9. Re1
{[%clk 1:23:56]} d4 {[%clk 1:19:05]} 10. Nc4 {[%clk 1:22:27]} Re8
{[%clk 1:18:45]} 11. a4 {[%clk 1:22:41]} Bf8 {[%clk 1:16:51]} 12. Bd2
{[%clk 1:17:39]} Nd7 {[%clk 0:55:14]} 13. cxd4 {[%clk 0:52:49]} cxd4
{[%clk 0:55:35]} 14. a5 {[%clk 0:53:14]} Qf6 {[%clk 0:45:15]} 15. Rf1
{[%clk 0:48:10]} Rb8 {[%clk 0:43:48]} 16. Ne1 {[%clk 0:45:01]} b5
{[%clk 0:42:13]} 17. axb6 {[%clk 0:45:25]} Nxb6 {[%clk 0:42:15]} 18. b3
{[%clk 0:40:39]} Be6 {[%clk 0:40:31]} 19. f4 {[%clk 0:40:48]} Bxc4
{[%clk 0:40:10]} 20. bxc4 {[%clk 0:38:38]} Nd7 {[%clk 0:40:18]} 21. Nf3
{[%clk 0:36:56]} Nc5 {[%clk 0:31:49]} 22. fxe5 {[%clk 0:16:22]} Qe7
{[%clk 0:32:14]} 23. e6 {[%clk 0:13:06]} Nxe6 {[%clk 0:30:35]} 24. e5
{[%clk 0:12:18]} Rb6 {[%clk 0:29:12]} 25. Rf2 {[%clk 0:06:51]} Bg7
{[%clk 0:27:28]} 26. Qf1 {[%clk 0:07:13]} Reb8 {[%clk 0:26:06]} 27. Re1
{[%clk 0:07:41]} Rb2 {[%clk 0:24:06]} 28. h4 {[%clk 0:08:10]} h6 {[%clk 0:11:33]}
29. h5 {[%clk 0:08:39]} g5 {[%clk 0:11:41]} 30. Nxg5 {[%clk 0:03:39]} Rxd2
{[%clk 0:11:45]} 31. Nxe6 {[%clk 0:04:08]} Rxf2 {[%clk 0:10:31]} 32. Qxf2
{[%clk 0:04:37]} Qxe6 {[%clk 0:08:55]} 33. Bd5 {[%clk 0:05:07]} Qd7
{[%clk 0:05:03]} 34. e6 {[%clk 0:05:35]} Qd6 {[%clk 0:01:06]} 35. exf7+
{[%clk 0:05:46]} Kf8 {[%clk 0:01:19]} 36. Re8+ {[%clk 0:06:15]} Rxe8
{[%clk 0:01:44]} 37. fxe8=Q+ {[%clk 0:06:40]} Kxe8 {[%clk 0:02:11]} 38. Qf7+
{[%clk 0:07:05]} Kd8 {[%clk 0:02:39]} 39. Qxg7 {[%clk 0:07:28]} a5
{[%clk 0:00:48]} 40. Bxc6 {[%clk 0:05:28]} Qxc6 {[%clk 0:01:16]} 41. Qxd4+
{[%clk 0:05:49]} Kc8 {[%clk 0:01:00]} 42. Kf2 {[%clk 0:03:38]} a4
{[%clk 0:01:20]} 43. Ke3 {[%clk 0:01:29]} a3 {[%clk 0:26:17]} 44. Qa1
{[%clk 0:21:57]} Qb6+ {[%clk 0:19:00]} 45. Kd2 {[%clk 0:22:07]} a2
{[%clk 0:16:18]} 46. Kc2 {[%clk 0:21:57]} Qf2+ {[%clk 0:16:32]} 47. Kb3
{[%clk 0:22:02]} Qb6+ {[%clk 0:16:57]} 48. Kxa2 {[%clk 0:21:53]} 1/2-1/2

[Event "AsianNationCup2018"]
[Site "Hamedan"]
[Date "2018.07.29"]
[Round "2.6"]
[White "Ismagambetov, Anuar"]
[Black "Idani, Pouya"]
[Result "0-1"]
[BlackElo "2583"]
[WhiteElo "2529"]
[LiveChessVersion "1.4.8"]

1. e4 {[%clk 1:30:56]} c5 {[%clk 1:30:50]} 2. Nf3 {[%clk 1:31:12]} d6
{[%clk 1:31:15]} 3. Bb5+ {[%clk 1:31:29]} Bd7 {[%clk 1:30:11]} 4. Bxd7+
{[%clk 1:31:34]} Qxd7 {[%clk 1:30:36]} 5. c4 {[%clk 1:31:31]} Nf6
{[%clk 1:30:36]} 6. Nc3 {[%clk 1:31:49]} g6 {[%clk 1:31:02]} 7. d4
{[%clk 1:31:42]} cxd4 {[%clk 1:31:26]} 8. Nxd4 {[%clk 1:32:04]} Bg7
{[%clk 1:31:53]} 9. f3 {[%clk 1:31:55]} O-O {[%clk 1:31:41]} 10. Be3
{[%clk 1:30:26]} Nc6 {[%clk 1:28:33]} 11. Rc1 {[%clk 1:24:48]} Rac8
{[%clk 1:25:33]} 12. b3 {[%clk 1:23:54]} Rfd8 {[%clk 1:15:34]} 13. O-O
{[%clk 1:19:30]} e6 {[%clk 1:15:45]} 14. Nce2 {[%clk 1:01:44]} Qe7
{[%clk 1:07:40]} 15. Qd2 {[%clk 0:44:27]} d5 {[%clk 1:04:57]} 16. exd5
{[%clk 0:44:10]} exd5 {[%clk 1:03:58]} 17. c5 {[%clk 0:44:35]} Nd7
{[%clk 0:57:54]} 18. b4 {[%clk 0:39:15]} Nxb4 {[%clk 0:54:53]} 19. Bg5
{[%clk 0:39:36]} f6 {[%clk 0:55:19]} 20. Bf4 {[%clk 0:39:34]} Nc6
{[%clk 0:53:48]} 21. Bd6 {[%clk 0:38:12]} Qf7 {[%clk 0:53:07]} 22. Nb5
{[%clk 0:38:10]} a6 {[%clk 0:50:32]} 23. Nbc3 {[%clk 0:32:40]} Nb6
{[%clk 0:48:02]} 24. Rfd1 {[%clk 0:30:49]} d4 {[%clk 0:38:52]} 25. Ne4
{[%clk 0:30:50]} Nc4 {[%clk 0:38:28]} 26. Qf4 {[%clk 0:30:43]} Ne3
{[%clk 0:36:48]} 27. Rxd4 {[%clk 0:26:27]} Nxd4 {[%clk 0:35:21]} 28. Nxd4
{[%clk 0:26:52]} Nc4 {[%clk 0:30:21]} 29. Nb3 {[%clk 0:25:13]} b5
{[%clk 0:29:04]} 30. Re1 {[%clk 0:22:33]} Re8 {[%clk 0:27:26]} 31. Rd1
{[%clk 0:22:59]} f5 {[%clk 0:23:31]} 32. Ng5 {[%clk 0:20:46]} Qf6
{[%clk 0:23:56]} 33. h4 {[%clk 0:20:51]} h6 {[%clk 0:23:06]} 34. Nh3
{[%clk 0:21:16]} Rcd8 {[%clk 0:22:03]} 35. Qg3 {[%clk 0:19:03]} Bf8
{[%clk 0:21:11]} 36. Nf4 {[%clk 0:17:50]} Bxd6 {[%clk 0:20:49]} 37. cxd6
{[%clk 0:18:11]} Rxd6 {[%clk 0:21:16]} 0-1

[Event "AsianNationCup2018"]
[Site "Hamedan"]
[Date "2018.07.29"]
[Round "2.7"]
[White "Tabatabaei, M.Amin"]
[Black "Kazhgaleyev, Murtas"]
[Result "0-1"]
[BlackElo "2575"]
[WhiteElo "2590"]
[LiveChessVersion "1.4.8"]

1. e4 {[%clk 1:30:58]} e5 {[%clk 1:30:51]} 2. Nf3 {[%clk 1:31:22]} Nc6
{[%clk 1:31:16]} 3. Bb5 {[%clk 1:31:49]} a6 {[%clk 1:31:39]} 4. Ba4
{[%clk 1:32:15]} Nf6 {[%clk 1:32:04]} 5. O-O {[%clk 1:32:38]} Be7
{[%clk 1:32:23]} 6. Re1 {[%clk 1:33:04]} b5 {[%clk 1:32:35]} 7. Bb3
{[%clk 1:33:28]} O-O {[%clk 1:32:57]} 8. d4 {[%clk 1:33:53]} d6 {[%clk 1:33:10]}
9. c3 {[%clk 1:34:19]} Bg4 {[%clk 1:33:20]} 10. Be3 {[%clk 1:34:41]} exd4
{[%clk 1:28:55]} 11. cxd4 {[%clk 1:35:03]} Na5 {[%clk 1:29:13]} 12. Bc2
{[%clk 1:35:29]} Nc4 {[%clk 1:29:29]} 13. Bc1 {[%clk 1:35:54]} c5
{[%clk 1:29:45]} 14. b3 {[%clk 1:36:13]} Nb6 {[%clk 1:30:04]} 15. Nbd2
{[%clk 1:33:55]} Nfd7 {[%clk 1:29:25]} 16. h3 {[%clk 1:34:11]} Bh5
{[%clk 1:29:41]} 17. g4 {[%clk 1:32:55]} Bg6 {[%clk 1:30:00]} 18. d5
{[%clk 1:33:23]} Bf6 {[%clk 1:25:16]} 19. Rb1 {[%clk 1:33:34]} Re8
{[%clk 1:25:14]} 20. Nf1 {[%clk 1:31:53]} h6 {[%clk 1:25:08]} 21. Ng3
{[%clk 1:30:35]} c4 {[%clk 1:18:33]} 22. Kg2 {[%clk 1:28:18]} cxb3
{[%clk 1:13:25]} 23. axb3 {[%clk 1:28:36]} Rc8 {[%clk 1:13:36]} 24. Re2
{[%clk 1:28:15]} Rxc2 {[%clk 1:07:53]} 25. Qxc2 {[%clk 1:18:59]} Nxd5
{[%clk 1:06:42]} 26. Bd2 {[%clk 1:19:27]} Qa8 {[%clk 1:06:01]} 27. Nf5
{[%clk 1:12:42]} Bxf5 {[%clk 1:03:31]} 28. gxf5 {[%clk 1:12:43]} b4
{[%clk 1:03:44]} 29. Ng1 {[%clk 0:41:31]} Nc3 {[%clk 0:56:36]} 30. Bxc3
{[%clk 0:41:58]} bxc3 {[%clk 0:56:59]} 31. f3 Nb8 {[%clk 0:43:59]} 32. Rd1
{[%clk 0:21:02]} Nc6 {[%clk 0:42:57]} 33. Rxd6 {[%clk 0:20:45]} Be5
{[%clk 0:40:57]} 34. Rd1 {[%clk 0:15:32]} Nb4 {[%clk 0:39:01]} 35. Qc1
{[%clk 0:15:37]} Qc6 {[%clk 0:38:00]} 36. Rc2 {[%clk 0:10:20]} Nxc2
{[%clk 0:36:39]} 37. Qxc2 {[%clk 0:10:48]} Qf6 {[%clk 0:35:50]} 38. Ne2
{[%clk 0:11:08]} Qg5+ {[%clk 0:34:50]} 39. Kf2 {[%clk 0:11:32]} Qh4+
{[%clk 0:27:06]} 40. Kg2 {[%clk 0:06:36]} Rd8 {[%clk 0:25:53]} 41. Qc1
{[%clk 0:22:16]} Rxd1 {[%clk 0:53:19]} 42. Qxd1 {[%clk 0:22:45]} Qg5+
{[%clk 0:53:38]} 43. Kf1 {[%clk 0:21:51]} Qd2 {[%clk 0:52:50]} 44. Qe1
{[%clk 0:22:19]} Qd3 {[%clk 0:52:11]} 45. f4 {[%clk 0:20:07]} Bd4
{[%clk 0:52:04]} 0-1

[Event "AsianNationCup2018"]
[Site "Hamedan"]
[Date "2018.07.29"]
[Round "2.8"]
[White "Makhnev, Denis"]
[Black "Firouzja, Alireza"]
[Result "0-1"]
[BlackElo "2561"]
[WhiteElo "2437"]
[LiveChessVersion "1.4.8"]

1. d4 {[%clk 1:30:57]} Nf6 {[%clk 1:29:43]} 2. Bf4 {[%clk 1:31:21]} g6
{[%clk 1:29:23]} 3. Nc3 {[%clk 1:31:39]} d5 {[%clk 1:28:29]} 4. Nf3
{[%clk 1:31:01]} c6 {[%clk 1:27:11]} 5. e3 {[%clk 1:28:13]} Bg7 {[%clk 1:27:33]}
6. h4 {[%clk 1:27:45]} Qb6 {[%clk 1:22:12]} 7. a3 {[%clk 1:26:39]} Bg4
{[%clk 1:20:34]} 8. Bd3 {[%clk 1:13:22]} Nbd7 {[%clk 1:19:57]} 9. Qd2
{[%clk 0:59:09]} Bxf3 {[%clk 1:15:46]} 10. gxf3 {[%clk 0:59:32]} Nh5
{[%clk 1:15:44]} 11. Bh2 {[%clk 0:59:31]} e5 {[%clk 1:15:29]} 12. dxe5
{[%clk 0:59:24]} Nxe5 {[%clk 1:14:22]} 13. Bxe5 {[%clk 0:59:43]} Bxe5
{[%clk 1:14:45]} 14. O-O-O {[%clk 1:00:08]} O-O {[%clk 1:11:56]} 15. f4
{[%clk 0:59:39]} Bg7 {[%clk 1:12:03]} 16. f5 {[%clk 0:52:31]} d4 {[%clk 1:09:09]}
17. exd4 {[%clk 0:44:52]} Qxd4 {[%clk 1:09:22]} 18. Kb1 {[%clk 0:43:34]} Rad8
{[%clk 1:05:23]} 19. Rde1 {[%clk 0:36:55]} Rfe8 {[%clk 1:01:31]} 20. Rxe8+
{[%clk 0:32:48]} Rxe8 {[%clk 1:01:29]} 21. Re1 {[%clk 0:33:14]} Rxe1+
{[%clk 1:00:28]} 22. Qxe1 {[%clk 0:33:37]} Bf6 {[%clk 1:00:22]} 23. fxg6
{[%clk 0:23:15]} hxg6 {[%clk 1:00:27]} 24. Qe8+ {[%clk 0:23:40]} Kg7
{[%clk 1:00:49]} 25. Qc8 {[%clk 0:24:03]} Nf4 {[%clk 0:59:30]} 26. Qxb7
{[%clk 0:22:28]} Nxd3 {[%clk 0:59:52]} 27. cxd3 {[%clk 0:22:53]} Qxd3+
{[%clk 1:00:10]} 28. Ka2 {[%clk 0:23:18]} Qc4+ {[%clk 0:57:09]} 29. Qb3
{[%clk 0:22:23]} Qxh4 {[%clk 0:56:01]} 30. f3 {[%clk 0:22:08]} Qd4
{[%clk 0:55:38]} 31. Ka1 {[%clk 0:19:06]} Qe3 {[%clk 0:55:00]} 0-1

[Event "AsianNationCup2018"]
[Site "Hamedan"]
[Date "2018.07.29"]
[Round "2.9"]
[White "Adhiban, B."]
[Black "Ghaem Maghami, Ehsan"]
[Result "1/2-1/2"]
[BlackElo "2537"]
[WhiteElo "2671"]
[LiveChessVersion "1.4.8"]

1. Nf3 {[%clk 1:30:55]} d5 {[%clk 1:30:19]} 2. c4 {[%clk 1:31:12]} e6
{[%clk 1:24:57]} 3. g3 {[%clk 1:31:37]} Nf6 {[%clk 1:24:47]} 4. Bg2
{[%clk 1:32:05]} Be7 {[%clk 1:25:00]} 5. O-O {[%clk 1:32:31]} O-O
{[%clk 1:25:24]} 6. b3 {[%clk 1:32:59]} c5 {[%clk 1:22:31]} 7. Bb2
{[%clk 1:33:27]} Nc6 {[%clk 1:22:16]} 8. cxd5 {[%clk 1:33:54]} exd5
{[%clk 1:20:42]} 9. d4 {[%clk 1:34:22]} Bg4 {[%clk 1:14:15]} 10. Nc3
{[%clk 1:27:40]} Re8 {[%clk 0:57:02]} 11. Rc1 {[%clk 1:06:29]} Bxf3
{[%clk 0:44:25]} 12. Bxf3 {[%clk 1:06:55]} cxd4 {[%clk 0:44:49]} 13. Nb5
{[%clk 1:06:44]} Qa5 {[%clk 0:44:51]} 14. Nxd4 {[%clk 0:46:59]} Qxa2
{[%clk 0:44:18]} 15. Bc3 {[%clk 0:46:48]} Qa6 {[%clk 0:39:41]} 16. Nf5
{[%clk 0:45:47]} Rad8 {[%clk 0:33:43]} 17. Nxe7+ {[%clk 0:38:31]} Rxe7
{[%clk 0:29:01]} 18. Bxf6 {[%clk 0:34:19]} gxf6 {[%clk 0:29:23]} 19. Bxd5
{[%clk 0:28:28]} Qxe2 {[%clk 0:29:09]} 20. Qxe2 {[%clk 0:28:39]} Rxe2
{[%clk 0:29:29]} 21. Bxc6 {[%clk 0:28:56]} bxc6 {[%clk 0:29:39]} 22. Rxc6
{[%clk 0:29:24]} 1/2-1/2

[Event "AsianNationCup2018"]
[Site "Hamedan"]
[Date "2018.07.29"]
[Round "2.10"]
[White "Lorparizangeneh, Shahin"]
[Black "Sethuraman, S.P."]
[Result "0-1"]
[BlackElo "2657"]
[WhiteElo "2493"]
[LiveChessVersion "1.4.8"]

1. e3 {[%clk 1:30:57]} Nf6 {[%clk 1:27:58]} 2. Nf3 {[%clk 1:31:15]} b6
{[%clk 1:25:30]} 3. d4 {[%clk 1:29:41]} Bb7 {[%clk 1:25:54]} 4. c4
{[%clk 1:29:56]} e6 {[%clk 1:26:19]} 5. Bd3 {[%clk 1:29:56]} d5 {[%clk 1:25:52]}
6. O-O {[%clk 1:27:09]} Bd6 {[%clk 1:24:28]} 7. b3 {[%clk 1:22:36]} O-O
{[%clk 1:24:45]} 8. cxd5 {[%clk 1:22:39]} exd5 {[%clk 1:25:09]} 9. Ba3
{[%clk 1:22:46]} c5 {[%clk 1:25:09]} 10. Nc3 {[%clk 1:21:33]} Nbd7
{[%clk 1:23:32]} 11. Rc1 {[%clk 1:19:16]} Re8 {[%clk 1:17:33]} 12. Bb5
{[%clk 1:05:21]} Rc8 {[%clk 1:16:04]} 13. Bb2 {[%clk 1:02:02]} a6
{[%clk 1:03:32]} 14. Bxd7 {[%clk 0:46:11]} Qxd7 {[%clk 1:03:53]} 15. Na4
{[%clk 0:46:25]} Qd8 {[%clk 1:04:17]} 16. Nd2 {[%clk 0:42:24]} Re6
{[%clk 0:56:37]} 17. g3 {[%clk 0:39:44]} Bf8 {[%clk 0:49:29]} 18. Qe2
{[%clk 0:26:47]} c4 {[%clk 0:43:17]} 19. Nf3 {[%clk 0:20:01]} Bc6
{[%clk 0:38:07]} 20. Nc3 {[%clk 0:17:17]} b5 {[%clk 0:37:00]} 21. Nb1
{[%clk 0:16:08]} b4 {[%clk 0:27:17]} 22. bxc4 {[%clk 0:15:46]} dxc4
{[%clk 0:27:35]} 23. Qxc4 {[%clk 0:13:51]} Bb7 {[%clk 0:26:58]} 24. Qe2
{[%clk 0:14:07]} Rxc1 {[%clk 0:27:21]} 25. Rxc1 {[%clk 0:13:02]} Qd5
{[%clk 0:27:32]} 26. Nbd2 {[%clk 0:09:10]} Ne4 {[%clk 0:27:28]} 27. Nxe4
{[%clk 0:08:41]} Qxe4 {[%clk 0:27:06]} 28. Kg2 {[%clk 0:09:01]} Bd5
{[%clk 0:25:36]} 0-1

[Event "AsianNationCup2018"]
[Site "Hamedan"]
[Date "2018.07.29"]
[Round "2.11"]
[White "Sasikiran, Krishnan"]
[Black "Pourramezanali, Amirreza"]
[Result "1-0"]
[BlackElo "2537"]
[WhiteElo "2666"]
[LiveChessVersion "1.4.8"]

1. d4 {[%clk 1:30:56]} d5 {[%clk 1:30:22]} 2. c4 {[%clk 1:31:15]} c6
{[%clk 1:30:47]} 3. Nf3 {[%clk 1:31:23]} Nf6 {[%clk 1:31:11]} 4. Nc3
{[%clk 1:31:41]} e6 {[%clk 1:31:37]} 5. e3 {[%clk 1:31:55]} Nbd7 {[%clk 1:32:01]}
6. Qc2 {[%clk 1:32:16]} Bd6 {[%clk 1:32:25]} 7. Bd3 {[%clk 1:32:34]} dxc4 8. Bxc4
{[%clk 1:32:58]} b5 {[%clk 1:32:50]} 9. Be2 {[%clk 1:33:05]} O-O {[%clk 1:33:08]}
10. O-O {[%clk 1:33:08]} Bb7 {[%clk 1:33:35]} 11. Rd1 {[%clk 1:33:12]} Qc7
{[%clk 1:16:05]} 12. a3 {[%clk 1:33:25]} a6 {[%clk 0:53:26]} 13. b4
{[%clk 1:33:15]} a5 {[%clk 0:53:51]} 14. Bd2 {[%clk 1:31:15]} axb4
{[%clk 0:54:10]} 15. axb4 {[%clk 1:31:32]} Nd5 {[%clk 0:54:38]} 16. Rac1
{[%clk 1:28:43]} Nxb4 {[%clk 0:38:53]} 17. Qb1 {[%clk 1:25:50]} Be7
{[%clk 0:38:24]} 18. Nxb5 {[%clk 1:03:50]} Qa5 {[%clk 0:38:44]} 19. Rc4
{[%clk 1:00:47]} Qxb5 {[%clk 0:37:01]} 20. Bxb4 {[%clk 0:53:49]} Bxb4
{[%clk 0:37:08]} 21. Rxb4 {[%clk 0:50:16]} Qxe2 {[%clk 0:37:27]} 22. Rxb7
{[%clk 0:48:56]} Rfb8 {[%clk 0:31:52]} 23. Re1 {[%clk 0:47:57]} Qa6
{[%clk 0:32:16]} 24. Rxb8+ {[%clk 0:46:54]} Rxb8 {[%clk 0:32:44]} 25. Qc2
{[%clk 0:46:42]} c5 {[%clk 0:26:33]} 26. dxc5 {[%clk 0:44:17]} Rc8
{[%clk 0:21:42]} 27. Ng5 {[%clk 0:33:12]} f5 {[%clk 0:20:37]} 28. Rd1
{[%clk 0:30:47]} Qc6 {[%clk 0:02:06]} 29. Qc4 {[%clk 0:29:00]} Nxc5
{[%clk 0:02:07]} 30. Rc1 {[%clk 0:29:17]} Rc7 {[%clk 0:02:29]} 31. Qh4
{[%clk 0:28:14]} h6 {[%clk 0:00:45]} 32. Nxe6 {[%clk 0:27:16]} Rd7
{[%clk 0:00:53]} 33. Nd4 {[%clk 0:26:04]} Qd5 {[%clk 0:01:08]} 34. Qh5
{[%clk 0:25:50]} Rf7 {[%clk 0:00:44]} 35. g4 {[%clk 0:21:01]} Rf6
{[%clk 0:00:33]} 36. Nxf5 {[%clk 0:18:16]} Kh7 {[%clk 0:00:44]} 37. Nd4
{[%clk 0:16:06]} Qxh5 {[%clk 0:00:54]} 38. gxh5 {[%clk 0:16:33]} Nd3
{[%clk 0:00:46]} 39. Rf1 {[%clk 0:15:25]} Ra6 {[%clk 0:00:36]} 40. Rd1
{[%clk 0:15:07]} Ne5 {[%clk 0:00:35]} 41. Ne2 {[%clk 0:12:47]} Ng4
{[%clk 0:26:36]} 42. Nf4 {[%clk 0:30:57]} Nf6 {[%clk 0:25:35]} 43. Kg2
{[%clk 0:29:55]} Ra5 {[%clk 0:25:34]} 44. h4 {[%clk 0:28:04]} Nxh5
{[%clk 0:25:34]} 45. Nxh5 {[%clk 0:27:57]} Rxh5 {[%clk 0:26:02]} 46. Kg3
{[%clk 0:28:03]} Ra5 {[%clk 0:26:23]} 47. e4 {[%clk 0:25:39]} Kg6
{[%clk 0:26:26]} 48. Rd5 {[%clk 0:22:41]} Ra2 {[%clk 0:21:57]} 49. h5+
{[%clk 0:18:47]} Kf6 {[%clk 0:22:18]} 50. f4 {[%clk 0:17:49]} Re2
{[%clk 0:20:31]} 51. Kf3 {[%clk 0:17:58]} Rh2 {[%clk 0:17:50]} 52. Ra5
{[%clk 0:16:42]} Rb2 {[%clk 0:14:43]} 53. Ra6+ {[%clk 0:16:39]} Kf7
{[%clk 0:15:11]} 54. Ra7+ {[%clk 0:16:44]} Kf8 {[%clk 0:15:09]} 55. e5
{[%clk 0:15:22]} Rb4 {[%clk 0:10:51]} 56. Kg4 {[%clk 0:15:26]} Rc4
{[%clk 0:11:00]} 57. Kf5 {[%clk 0:15:47]} Rc6 {[%clk 0:09:43]} 58. Rd7
{[%clk 0:13:45]} Ra6 {[%clk 0:05:33]} 59. Rd6 {[%clk 0:13:55]} Ra1
{[%clk 0:06:01]} 60. Ke6 {[%clk 0:12:42]} Ra8 {[%clk 0:06:25]} 61. Rb6
{[%clk 0:11:32]} Rc8 {[%clk 0:06:22]} 62. f5 {[%clk 0:09:32]} Re8+
{[%clk 0:06:02]} 63. Kd5 {[%clk 0:09:53]} Ra8 {[%clk 0:05:25]} 64. f6
{[%clk 0:09:55]} gxf6 {[%clk 0:00:56]} 65. Rxf6+ {[%clk 0:10:19]} Kg7
{[%clk 0:01:24]} 66. Rg6+ {[%clk 0:10:37]} Kh7 {[%clk 0:00:47]} 67. Rg1
{[%clk 0:10:45]} Ra5+ {[%clk 0:00:52]} 68. Kd6 {[%clk 0:10:01]} Ra6+
{[%clk 0:01:00]} 69. Ke7 {[%clk 0:10:23]} Ra2 {[%clk 0:01:26]} 70. e6
{[%clk 0:09:56]} Rh2 {[%clk 0:01:50]} 71. Kd6 {[%clk 0:09:33]} Rd2+
{[%clk 0:02:14]} 72. Kc6 {[%clk 0:09:56]} Rc2+ {[%clk 0:02:40]} 73. Kd7
{[%clk 0:10:20]} Rd2+ {[%clk 0:03:07]} 74. Ke8 {[%clk 0:10:45]} Re2
{[%clk 0:02:44]} 75. e7 {[%clk 0:10:55]} Rd2 {[%clk 0:03:07]} 76. Rg6
{[%clk 0:10:30]} 1-0

[Event "AsianNationCup2018"]
[Site "Hamedan"]
[Date "2018.07.29"]
[Round "2.12"]
[White "Darini, Pouria"]
[Black "Gupta, Abhijeet"]
[Result "1/2-1/2"]
[BlackElo "2614"]
[WhiteElo "2463"]
[LiveChessVersion "1.4.8"]

1. d4 {[%clk 1:30:58]} Nf6 {[%clk 1:29:30]} 2. Bf4 {[%clk 1:31:24]} g6
{[%clk 1:29:48]} 3. Nc3 {[%clk 1:31:34]} Bg7 {[%clk 1:29:46]} 4. e4
{[%clk 1:31:44]} d6 {[%clk 1:30:11]} 5. Qd2 {[%clk 1:32:07]} c6 {[%clk 1:29:31]}
6. Nf3 {[%clk 1:31:27]} Bg4 {[%clk 1:28:11]} 7. Be2 {[%clk 1:31:42]} Nbd7
{[%clk 1:28:18]} 8. h3 {[%clk 1:27:37]} Bxf3 {[%clk 1:28:29]} 9. Bxf3
{[%clk 1:28:05]} e5 {[%clk 1:28:12]} 10. dxe5 {[%clk 1:28:33]} dxe5
{[%clk 1:26:51]} 11. Be3 {[%clk 1:28:58]} O-O {[%clk 1:25:40]} 12. O-O-O
{[%clk 1:28:59]} Qa5 {[%clk 1:23:39]} 13. Kb1 {[%clk 1:29:15]} Rfd8
{[%clk 1:17:31]} 14. Ne2 {[%clk 1:03:45]} Qc7 {[%clk 1:17:07]} 15. Qc1
{[%clk 0:52:58]} a5 {[%clk 1:13:52]} 16. g4 {[%clk 0:49:33]} a4 {[%clk 1:13:38]}
17. h4 {[%clk 0:39:43]} Nf8 {[%clk 1:12:25]} 18. g5 {[%clk 0:39:11]} Ne8
{[%clk 1:12:06]} 19. h5 {[%clk 0:32:40]} Ne6 {[%clk 1:09:50]} 20. Bg4
{[%clk 0:32:52]} Qe7 {[%clk 1:02:25]} 21. hxg6 {[%clk 0:29:11]} hxg6
{[%clk 1:02:30]} 22. Bxe6 {[%clk 0:07:23]} Qxe6 {[%clk 1:01:51]} 23. Bb6
{[%clk 0:07:51]} Rxd1 {[%clk 1:00:52]} 24. Rxd1 {[%clk 0:04:00]} Nd6
{[%clk 1:00:55]} 25. Ng3 {[%clk 0:03:49]} Nc4 {[%clk 0:51:14]} 26. Bd8
{[%clk 0:04:17]} Qg4 {[%clk 0:51:39]} 27. Rd3 {[%clk 0:02:30]} a3
{[%clk 0:48:33]} 28. b3 {[%clk 0:02:22]} Nb2 {[%clk 0:48:51]} 29. Rd2
{[%clk 0:02:09]} Qf3 {[%clk 0:48:14]} 30. Be7 {[%clk 0:00:55]} Qc3
{[%clk 0:31:21]} 31. Ne2 {[%clk 0:01:15]} Qa5 {[%clk 0:31:46]} 32. c3
{[%clk 0:01:12]} Qb6 {[%clk 0:31:24]} 33. Ng3 {[%clk 0:00:55]} Nc4
{[%clk 0:28:09]} 34. Rd3 {[%clk 0:01:24]} Re8 {[%clk 0:27:40]} 35. Bf6
{[%clk 0:00:51]} Nb2 {[%clk 0:27:48]} 36. Rd2 {[%clk 0:00:35]} c5
{[%clk 0:28:09]} 37. Bxg7 {[%clk 0:00:34]} Kxg7 {[%clk 0:28:37]} 38. Qh1
{[%clk 0:00:36]} Rh8 {[%clk 0:26:17]} 39. Qf3 {[%clk 0:00:59]} Qe6
{[%clk 0:26:18]} 40. c4 {[%clk 0:00:49]} b6 {[%clk 0:23:34]} 41. Kc2
{[%clk 0:00:41]} Rh4 {[%clk 0:22:17]} 42. Ne2 {[%clk 0:07:37]} Rh5
{[%clk 0:38:45]} 43. Qf6+ {[%clk 0:05:43]} Qxf6 {[%clk 0:39:09]} 44. gxf6+
{[%clk 0:06:11]} Kxf6 {[%clk 0:39:34]} 45. Nc3 {[%clk 0:06:39]} Rh8
{[%clk 0:30:17]} 46. Nb5 {[%clk 0:05:19]} Ra8 {[%clk 0:30:43]} 47. Rd7
{[%clk 0:02:07]} Kg5 {[%clk 0:27:37]} 48. Rxf7 {[%clk 0:01:36]} Rd8
{[%clk 0:28:03]} 49. Rf3 {[%clk 0:01:19]} Kg4 {[%clk 0:28:27]} 50. Rg3+
{[%clk 0:01:02]} Kf4 {[%clk 0:28:55]} 51. Nc3 {[%clk 0:01:04]} g5
{[%clk 0:27:40]} 52. Rh3 {[%clk 0:00:36]} g4 {[%clk 0:27:27]} 53. Rh5
{[%clk 0:00:53]} g3 {[%clk 0:24:31]} 54. Rf5+ {[%clk 0:00:54]} Kg4
{[%clk 0:24:57]} 55. fxg3 {[%clk 0:00:43]} Rh8 {[%clk 0:24:34]} 56. Rf2
{[%clk 0:00:50]} Kxg3 {[%clk 0:24:09]} 57. Rd2 {[%clk 0:01:06]} Kf3
{[%clk 0:23:32]} 58. Nb5 {[%clk 0:01:05]} Ke3 {[%clk 0:22:13]} 59. Nxa3
{[%clk 0:00:39]} Ra8 {[%clk 0:22:27]} 60. Rd5 {[%clk 0:00:45]} Nd1
{[%clk 0:22:10]} 61. Nb5 {[%clk 0:00:39]} Nf2 {[%clk 0:22:07]} 62. Nc3
{[%clk 0:00:57]} Kf4 {[%clk 0:22:32]} 63. Rd7 {[%clk 0:00:31]} Nxe4
{[%clk 0:19:51]} 64. Nd5+ {[%clk 0:01:01]} Kf3 {[%clk 0:20:13]} 65. Rf7+
{[%clk 0:01:00]} Ke2 {[%clk 0:18:36]} 66. a4 {[%clk 0:01:28]} Ng5
{[%clk 0:16:21]} 67. Nc3+ {[%clk 0:01:01]} Ke3 {[%clk 0:16:41]} 68. Nd5+
{[%clk 0:01:08]} Ke2 {[%clk 0:16:57]} 69. Nc3+ {[%clk 0:01:04]} Ke3
{[%clk 0:17:26]} 70. Nd5+ {[%clk 0:00:43]} Ke2 {[%clk 0:17:52]} 71. Nc3+
{[%clk 0:00:36]} 1/2-1/2